The Building (Procedure) (Scotland) Regulations 2004 (Record no. 104330)

MARC details
000 -LEADER
fixed length control field 01122cam a2200229 4500
001 - CONTROL NUMBER
control field L130016
008 - FIXED-LENGTH DATA ELEMENTS--GENERAL INFORMATION
fixed length control field 050614n2004 000 0 eng u
020 ## - INTERNATIONAL STANDARD BOOK NUMBER
International Standard Book Number 0110692756
035 ## - SYSTEM CONTROL NUMBER
System control number (Sirsi) u130016
041 ## - LANGUAGE CODE
Language code of text/sound track or separate title eng
050 ## - LIBRARY OF CONGRESS CALL NUMBER
Classification number 692.209411
-- 18
245 #4 - TITLE STATEMENT
Title The Building (Procedure) (Scotland) Regulations 2004
260 ## - PUBLICATION, DISTRIBUTION, ETC.
Place of publication, distribution, etc. London
Name of publisher, distributor, etc. TSO
Date of publication, distribution, etc. 2004
490 ## - SERIES STATEMENT
Series statement SSI
Volume/sequential designation 2004: 428
520 ## - SUMMARY, ETC.
Summary, etc. These regulations made under the Building (Scotland) Act 2003 set out the procedures to be followed in connection with the submission of applications for building warrants, completion certificates and other related matters; and detail the criteria to which the Scottish Ministers are to have regard when approving schemes in terms of s7 of the Act and the process for appointment of verifiers and certifiers.
590 ## - LOCAL NOTE (RLIN)
Local note IKA040705
650 ## - SUBJECT ADDED ENTRY--TOPICAL TERM
Topical term or geographic name entry element BUILDING (PROCEDURE) (SCOTLAND) REGULATIONS 2004
650 ## - SUBJECT ADDED ENTRY--TOPICAL TERM
Topical term or geographic name entry element BUILDING (SCOTLAND) ACT 2003
690 ## - LOCAL SUBJECT ADDED ENTRY--TOPICAL TERM (OCLC, RLIN)
Topical term or geographic name as entry element Building regulations
9 (RLIN) 6224
856 ## - ELECTRONIC LOCATION AND ACCESS
Uniform Resource Identifier <a href="https://www.opsi.gov.uk/legislation/scotland/ssi2004/20040428.htm">https://www.opsi.gov.uk/legislation/scotland/ssi2004/20040428.htm</a>
Public note View the Regulations at www.opsi.giv.uk...
942 ## - ADDED ENTRY ELEMENTS (KOHA)
Suppress in OPAC 0
Holdings
Withdrawn status Lost status Source of classification or shelving scheme Damaged status Not for loan Home library Current library Shelving location Date acquired Total Checkouts Full call number Barcode Date last seen Copy number Price effective from Koha item type
    Dewey Decimal Classification     Virtual Virtual Online 14/06/2005   ONLINE PUBLICATION 130016-2001 06/08/2019 1 06/08/2019 Book